Statistiques concernant Pays avec la lettre O comme deuxième lettre

Cliquez ici pour prendre le quiz!

Statistiques générales

  • Ce quiz a été pris 1 808 fois
  • Le résultat moyen est 20 sur 31

Statistiques - réponses

Pays% Correct
Bolivie
84%
Portugal
79%
Colombie
78%
Pologne
76%
togo
75%
Corée du Sud
74%
Corée du Nord
73%
Somalie
73%
Roumanie
71%
Soudan
70%
Norvege
69%
Kosovo
68%
Botswana
67%
Soudan du Sud
66%
Comores
64%
Hongrie
64%
Monaco
64%
Mongolie
64%
Moldavie
63%
Monténégro
62%
Costa Rica
61%
Mozambique
60%
Honduras
59%
Bosnie-Herzégovine
57%
Jordanie
57%
Tonga
57%
Côte d'Ivoire
54%
Koweit
54%
Nouvelle-Zélande
51%
Dominique
48%
Royaume-Uni
47%

Distribution des résultats

Percentile par nombre de réponses

% des personnes avec chaque résultat

Votre développement - résultats

Vous n’avez pas pris ce quiz